[Event "Dortmund Sparkassen op-B"]
[Site "Dortmund"]
[Date "2011.07.30"]
[Round "8"]
[White "Dolgopolyj, Vladimir"]
[Black "Gefen, Daniel"]
[Result "0-1"]
[WhiteElo "2052"]
[BlackElo "1890"]
[PlyCount "86"]
[EventDate "2011.07.23"]
[EventType "swiss"]
[EventRounds "9"]
[EventCountry "GER"]
[SourceTitle "EXT 2013"]
[Source "ChessBase"]
[SourceDate "2012.11.22"]
[SourceVersion "1"]
[SourceVersionDate "2012.11.22"]
[SourceQuality "1"]

1. e4 e6 2. d4 d5 3. e5 c5 4. c3 Qb6 5. Nf3 Nc6 6. Be2 cxd4 7. cxd4 Nge7 8. Nc3 Nf5 9. Na4 Bb4+ 10. Kf1 Qd8 11. a3 Be7 12. b4 h5 13. Nc5 f6 14. b5 Na5 15. exf6 gxf6 16. Ne1 Ng7 17. Ned3 Qb6 18. a4 Nc4 19. Be3 Nf5 20. Bxh5+ Kd8 21. Qe2 Nfxe3+ 22. fxe3 Nxe3+ 23. Qxe3 Rxh5 24. Nf4 Rf5 25. Kg1 Bxc5 26. dxc5 Qc7 27. g3 Qe5 28. Qxe5 fxe5 29. Ng6 Rg5 30. Nh4 Ke7 31. Re1 e4 32. Kf2 Bd7 33. Ke3 a6 34. Kf4 Rg7 35. Rb1 axb5 36. axb5 Ra5 37. Rb4 Bxb5 38. Rhb1 Bc6 39. Rc1 Ra2 40. h3 Rf2+ 41. Ke3 Rh2 42. Rg1 Rxh3 43. Kf4 Rxh4+ 0-1